| 000 | 00427nam a2200169Ia 4500 | ||
|---|---|---|---|
| 005 | 20250701154657.0 | ||
| 008 | 240331s9999 xx 000 0 und d | ||
| 020 | _a9559642006 | ||
| 082 |
_a398.27 _bSUR |
||
| 100 | _aSurasena,A.G | ||
| 245 | 0 | _aPawranika janapravada ha janasruthi | |
| 260 |
_aTalawathugoda _bD.C.Gunasekara _c1999 |
||
| 300 | _av, 105 p ., | ||
| 650 | _aAncient Legends | ||
| 650 | _aFolktales | ||
| 942 | _cL | ||
| 999 |
_c1202 _d1202 |
||